000 00963nam a22003257a 4500
001 BR0401300
003 BR-BrBNA
005 20230928101531.0
007 ta
008 230509b bl.||||| |||| 00| 0 por d
040 _aBR-BrBNA
_bpor
_cBiblioteca Nacional de Agricultura
041 _a(Por)
072 _aE51; E40
090 _ E51 BR0401300
100 1 _aFilippo, M.M.S. di
110 1 _aUniversidade Federal de Lavras, MG (Brasil)
_0Tese (Mestrado)
245 1 _aMulher, desenvolvimento e meio ambiente: a experiência da Associação Mãos Mineiras
260 3 _aLavras, MG (Brasil):
_c2002.
300 _a134 p.
500 _aSummaries (Eng, Por); Bibliography p. 130-134
650 _aMULHER RURAL
650 _aASSOCIATIVISMO RURAL
650 _aMEIO AMBIENTE
650 _aRENDA
650 _aPOPULAÇÃO RURAL
650 _aDESENVOLVIMENTO RURAL
650 _aMINAS GERAIS
909 _a202309
_bLucia
_c55
_dLucia Elande
942 _cBK
999 _c66297
_d66297